[Event "Portugal Open Semirrapidas"]
[Site "Lisboa POR"]
[Date "2020.02.02"]
[Round "2.39"]
[White "SANTOS, José Guilherme Bárria"]
[Black "ELIAS, Benjamim"]
[Result "1-0"]
[BlackElo "1680"]
[WhiteElo "2135"]
[LiveChessVersion "1.4.8"]

1. Nf3 {[%clk 0:15:04]} g6 {[%clk 0:15:03]} 2. e4 {[%clk 0:15:04]} d6
{[%clk 0:15:07]} 3. d4 {[%clk 0:15:07]} Bg7 {[%clk 0:15:08]} 4. c4
{[%clk 0:15:10]} Nd7 {[%clk 0:15:00]} 5. Nc3 {[%clk 0:15:12]} e5 {[%clk 0:15:00]}
6. d5 {[%clk 0:15:09]} Ne7 {[%clk 0:15:04]} 7. Be2 {[%clk 0:15:08]} O-O
{[%clk 0:15:04]} 8. O-O {[%clk 0:15:09]} f5 {[%clk 0:14:56]} 9. exf5
{[%clk 0:13:56]} Nxf5 {[%clk 0:14:58]} 10. Bg5 {[%clk 0:13:55]} Bf6
{[%clk 0:14:56]} 11. Bxf6 {[%clk 0:13:27]} Nxf6 {[%clk 0:14:57]} 12. Qd2
{[%clk 0:13:16]} h6 {[%clk 0:14:44]} 13. Bd3 {[%clk 0:12:14]} Kh7
{[%clk 0:14:43]} 14. Rfe1 {[%clk 0:12:05]} Re8 {[%clk 0:14:34]} 15. Rac1
{[%clk 0:11:53]} e4 {[%clk 0:14:24]} 16. Nxe4 {[%clk 0:11:52]} Nxe4
{[%clk 0:13:37]} 17. Bxe4 {[%clk 0:11:55]} Qf6 {[%clk 0:13:34]} 18. c5
{[%clk 0:11:47]} Ng7 {[%clk 0:12:53]} 19. cxd6 {[%clk 0:11:44]} Qxd6
{[%clk 0:12:53]} 20. Nh4 {[%clk 0:11:03]} Bf5 {[%clk 0:12:50]} 21. Nxf5
{[%clk 0:11:06]} gxf5 {[%clk 0:12:49]} 22. Bf3 {[%clk 0:11:10]} Rxe1+
{[%clk 0:12:39]} 23. Rxe1 {[%clk 0:11:14]} Re8 {[%clk 0:12:42]} 24. Rxe8
{[%clk 0:11:12]} Nxe8 {[%clk 0:12:46]} 25. Qe3 {[%clk 0:10:50]} Nf6
{[%clk 0:12:22]} 26. Qe6 {[%clk 0:10:46]} Qxe6 {[%clk 0:12:07]} 27. dxe6
{[%clk 0:10:49]} c6 {[%clk 0:12:11]} 28. e7 {[%clk 0:10:53]} Kg7 {[%clk 0:12:15]}
29. Bh5 {[%clk 0:10:58]} 1-0

[Event "Portugal Open Semirrapidas"]
[Site "Lisboa POR"]
[Date "2020.02.02"]
[Round "2.40"]
[White "GAVIEIRO, Artur"]
[Black "NOGUEIRA, Nelson"]
[Result "1-0"]
[BlackElo "2132"]
[WhiteElo "1547"]
[LiveChessVersion "1.4.8"]

1. e4 {[%clk 0:15:06]} c5 {[%clk 0:13:29]} 2. Nf3 {[%clk 0:15:05]} Nc6
{[%clk 0:13:31]} 3. d4 {[%clk 0:15:07]} cxd4 {[%clk 0:13:33]} 4. Nxd4
{[%clk 0:15:10]} d6 {[%clk 0:13:20]} 5. Nc3 {[%clk 0:15:00]} Nf6 {[%clk 0:13:18]}
6. Be2 {[%clk 0:14:41]} a6 {[%clk 0:12:55]} 7. a4 {[%clk 0:13:57]} g6
{[%clk 0:11:27]} 8. O-O {[%clk 0:13:54]} Bg7 {[%clk 0:11:30]} 9. Be3
{[%clk 0:13:33]} O-O {[%clk 0:11:28]} 10. Nb3 {[%clk 0:10:29]} Be6
{[%clk 0:11:08]} 11. f4 {[%clk 0:10:01]} Rc8 {[%clk 0:09:21]} 12. h3
{[%clk 0:06:10]} Na5 {[%clk 0:08:11]} 13. Nxa5 {[%clk 0:05:53]} Qxa5
{[%clk 0:08:13]} 14. Qd2 {[%clk 0:04:25]} Rfd8 {[%clk 0:07:22]} 15. Rfd1
{[%clk 0:03:14]} Rxc3 {[%clk 0:03:38]} 16. Qxc3 {[%clk 0:02:29]} Qxc3
{[%clk 0:03:40]} 17. bxc3 {[%clk 0:02:32]} Nxe4 {[%clk 0:03:42]} 18. Bd4
{[%clk 0:02:31]} Nxc3 {[%clk 0:03:44]} 19. Bxc3 {[%clk 0:02:23]} Bxc3
{[%clk 0:03:46]} 20. Rab1 {[%clk 0:01:32]} Rd7 {[%clk 0:03:29]} 21. Bf3
{[%clk 0:01:26]} d5 {[%clk 0:03:16]} 22. Rb3 {[%clk 0:01:14]} Ba5
{[%clk 0:02:51]} 23. Rbd3 {[%clk 0:01:09]} Bb6+ {[%clk 0:02:44]} 24. Kh2
{[%clk 0:01:02]} d4 {[%clk 0:02:42]} 25. c3 {[%clk 0:00:34]} Bf5 {[%clk 0:02:01]}
26. R3d2 {[%clk 0:00:30]} dxc3 {[%clk 0:01:37]} 27. Rxd7 {[%clk 0:00:28]} Bxd7
{[%clk 0:01:40]} 28. Bxb7 1-0

[Event "Portugal Open Semirrapidas"]
[Site "Lisboa POR"]
[Date "2020.02.02"]
[Round "2.41"]
[White "MACHADO, Tiago"]
[Black "SANTOS, António P"]
[Result "0-1"]
[BlackElo "2116"]
[WhiteElo "1500"]
[LiveChessVersion "1.4.8"]

1. e4 {[%clk 0:15:08]} c5 {[%clk 0:15:09]} 2. Nc3 {[%clk 0:15:09]} Nc6
{[%clk 0:15:12]} 3. g3 {[%clk 0:15:13]} g6 {[%clk 0:15:13]} 4. Bg2
{[%clk 0:15:16]} Bg7 {[%clk 0:15:17]} 5. d3 {[%clk 0:15:20]} e6 {[%clk 0:15:21]}
6. h3 {[%clk 0:15:23]} Nge7 {[%clk 0:15:24]} 7. f4 {[%clk 0:15:27]} O-O
{[%clk 0:15:27]} 8. Nf3 {[%clk 0:15:29]} d6 {[%clk 0:15:31]} 9. O-O
{[%clk 0:15:28]} Rb8 {[%clk 0:15:35]} 10. Rb1 {[%clk 0:14:03]} b5
{[%clk 0:15:37]} 11. g4 {[%clk 0:14:07]} f5 {[%clk 0:15:32]} 12. g5
{[%clk 0:12:59]} b4 {[%clk 0:15:02]} 13. Ne2 {[%clk 0:13:03]} fxe4
{[%clk 0:15:06]} 14. dxe4 {[%clk 0:12:59]} d5 {[%clk 0:15:10]} 15. Ng3
{[%clk 0:11:44]} Nd4 {[%clk 0:14:50]} 16. Kh1 {[%clk 0:11:00]} Nxf3
{[%clk 0:14:40]} 17. Qxf3 {[%clk 0:10:12]} Bb7 {[%clk 0:14:43]} 18. Qe2
{[%clk 0:09:51]} Qb6 {[%clk 0:14:36]} 19. Be3 {[%clk 0:08:42]} d4
{[%clk 0:14:34]} 20. Bg1 {[%clk 0:08:10]} Ba6 {[%clk 0:14:25]} 21. Qd2
{[%clk 0:08:07]} Bxf1 {[%clk 0:12:46]} 22. Bxf1 {[%clk 0:08:11]} e5
{[%clk 0:12:48]} 23. f5 {[%clk 0:06:17]} gxf5 {[%clk 0:12:48]} 24. exf5
{[%clk 0:05:50]} Nxf5 {[%clk 0:12:51]} 25. Nh5 {[%clk 0:05:22]} Qg6
{[%clk 0:12:47]} 26. Nxg7 {[%clk 0:04:59]} Ng3+ {[%clk 0:12:50]} 27. Kg2
{[%clk 0:04:52]} Nxf1 {[%clk 0:12:53]} 28. Rxf1 {[%clk 0:04:43]} Rxf1
{[%clk 0:12:56]} 29. Kxf1 {[%clk 0:04:44]} Rf8+ {[%clk 0:12:55]} 30. Kg2
{[%clk 0:04:28]} Qe4+ {[%clk 0:12:57]} 31. Kh2 {[%clk 0:04:19]} Kxg7
{[%clk 0:13:00]} 32. Qg2 {[%clk 0:03:45]} Qxg2+ {[%clk 0:13:00]} 33. Kxg2
{[%clk 0:03:48]} e4 {[%clk 0:13:03]} 34. Bf2 {[%clk 0:03:18]} Kg6
{[%clk 0:13:02]} 35. h4 {[%clk 0:03:18]} Rxf2+ {[%clk 0:12:57]} 0-1